00456 a2200169 450000100060000002000270000604000220003310000160005524000200007124500150009130000110010636200090011765000230012694200070014995201130015699900170026965454 a9788574064888 (broch.) cAnchieta - Pituba aPrice, Nick10aBafinhaca lpor10aBafinhaca  a271p. 0 a2011 4aLiteratura juvenil cBK 00104070a91.1b91.1d2023-11-21l0oLJ 028.5 U48b UMA BAFp20171/PITr2023-11-21 18:33:50w2023-11-21yBK c65454d65454